000 00427nam a2200181Ia 4500
001 2414
005 20260306144805.0
008 260306t2016||||xx |||||||||||||| ||spa||
041 _aESP
082 _a616.89
_bM44
100 _aMesa Cid, Pedro J.
_eAUT
245 0 _aManual de psicopatologĂ­a general
260 _c2016
300 _a284 páginas :
_c24 cm.
650 _aGEN
654 _aCPS
942 _cLIB
_dJUS
_fJUS
_2ddc
_n
999 _c2414
_d2414